| 000 | 00897nam a22001935i 4500 | ||
|---|---|---|---|
| 001 | 166111 | ||
| 003 | ES-MaACL | ||
| 005 | 20250928102031.0 | ||
| 008 | 000131s1883 ve |||| | spa d | ||
| 040 |
_aCCPB | B _bspa _cCCPB | B |
||
| 100 | 1 |
_aTejera, Felipe. _9133166 |
|
| 245 | 1 | 3 |
_aLa Boliviada _b: poema épico en doce cantos / _cpor Felipe Tejera. |
| 260 |
_aCaracas : _b[s.n.], _c1883 ( _fImprenta Sanz) |
||
| 300 |
_a[6], 156 p. ; _c29 cm. |
||
| 594 | _aTít. en cub. y primera port.: ¨Ofrenda al libertador en su primer centenario : impresa por disposición del ... presidente de los Estados Unidos de Venezuela, General Guzman Blanco : 24 de julio de 1883¨. | ||
| 600 | 1 | 7 |
_aBolivar, Simón, _d1783-1830- _vAniversarios y centenarios _2 _9142693 |
| 852 |
_aES-MaACL _jT-1479-F-1 _z-- Enc. hol., conservando la cub. original _z-- Enc. en un vol. facticio |
||
| 999 |
_c166111 _d166111 |
||